000 00388nam a2200157Ia 4500
003 0STCL
008 150530s9999 xx 000 0 und d
040 _aSTCL
_cSTCL
100 _aAusten; Southam, B.C.; Ed
245 _aCritical essays on Jane Austen
260 _bRoutledge and Kegan Paul
_c1983
546 _aEnglish
942 _2ddc
_cBK
999 _c50834
_d50834
005 20220125170830.0